00598nam a2200193Ia 4500003000400000005001700004008004100021040000700062041000800069082001600077100003300093245003900126260003700165300000900202650003100211942001300242999001900255952013000274OSt20260508104720.0250729s2008 xx 000 0 und d cAL aeng a001.51 KIRC aDr.Kiranlata Dangwal9231443 aComputers in teaching and learning aAgrabVinod Pusthak Mandirc2008 a186p aComputer Education9231444 2ddccBED c239284d239284 00104070aALbALd2025-07-29eManagement Booksg80.00l0o001.51 KIRCpBED04603r2025-07-29 16:57:25v80.00w2025-07-29yBK